00519nam a2200205Ia 4500008004100000041001200041082001000053082001100063100001900074100001100093245005000104260001400154260003100168260000900199300001500208365002500223650001800248650002400266650002300290150909s9999 xx 000 0 und d aEnglish a302.2 bDEO/AD aDeogaonkar S.G eAuthor aAdministration for rural development in India aNew Delhi bConcept Publishing Company c1982 a242 Pages aRs.80  aGlobal Survey aTeaching Techniques aTraining programme